[Event "WSTCC-50 2020"]
[Site "Prague"]
[Date "2020.03.09"]
[Round "4.22"]
[White "Plotkin, Victor"]
[Black "Pilar, Miloslav"]
[Result "1-0"]
[WhiteElo "2339"]
[BlackElo "2056"]
[Annotator "TA"]
[PlyCount "101"]
[EventDate "2020.03.06"]
[EventType "team-tourn"]
[EventCountry "CZE"]
[SourceTitle "playchess.com"]
[Source "ChessBase"]
[SourceQuality "1"]

{[%evp 13,101,0,18,6,21,15,14,11,22,2,2,0,1,1,7,0,0,4,4,6,12,9,15,18,27,25,41,35,38,39,138,138,141,141,145,141,154,156,149,149,160,144,182,170,162,147,155,155,155,155,159,144,155,144,157,150,169,150,176,139,143,143,202,163,195,186,186,186,206,172,172,154,161,141,218,196,226,218,197,193,271,239,210,210,347,356,356,356,641,641]} 1. e4 e6 2. d4 d5 3. Nc3 Bb4 4. exd5 exd5 5. Bd3 Nf6 6. Nge2 O-O 7. O-O Bg4 8. f3 {C01: French: Exchange Variation.} Bh5 9. Nf4 Bg6 10. Nxg6 {The position is equal.} hxg6 11. Bg5 c6 12. Ne2 Bd6 13. Qd2 Nbd7 {[#]} 14. Rfe1 $146 ({Predecessor:} 14. c3 Re8 15. Bf4 Nf8 16. Bxd6 Qxd6 17. Qf4 Qxf4 18. Nxf4 g5 19. Nh3 Re3 20. Rad1 {½-½ (47) Heinrici,S (2099)-Kozissnik,C (1904) Austria 2017}) 14... Qc7 15. g3 Rfe8 16. Kg2 Nh7 17. Be3 Re7 18. Bf2 Rae8 19. Ng1 Rxe1 20. Rxe1 Rxe1 21. Qxe1 Qd8 {[#]} (21... a6 $14) 22. Bxg6 $1 $16 {[%mdl 512]} Nhf8 (22... fxg6 23. Qe6+) 23. Bd3 a6 24. h4 Ne6 25. Nh3 Qf6 26. c3 Ndf8 27. Qe3 Nc7 28. Ng5 Nce6 29. Bc2 Nxg5 30. Qxg5 Qxg5 31. hxg5 {[%mdl 4096] Endgame KBB-KBN} Ne6 32. f4 g6 33. Kf3 Kg7 34. Be3 Be7 35. Bd3 Bd8 36. Ke2 Be7 37. Kd2 c5 (37... Kf8 $16 38. Ke2 Ng7) 38. Bf1 c4 39. Bg2 Nc7 40. g4 Bd6 41. Ke2 b5 42. Kf3 Kf8 43. Bf1 a5 (43... Ke7 $16 {is a better defense.} 44. a3 a5) 44. Be2 $18 b4 {intending ...bxc3.} 45. Bd1 Nb5 46. Bd2 bxc3 (46... Ke7 $142 47. Ba4 bxc3 48. bxc3 Na7) 47. bxc3 Ba3 48. Ba4 Nc7 (48... Na7 $142 49. f5 Ke7) 49. f5 Ke7 50. Bf4 Bd6 $2 (50... Kd8 51. Ke2 Kc8) 51. Be5 {Accuracy: White = 95%, Black = 68%.} 1-0

[Event "WSTCC-50 2020"]
[Site "Prague"]
[Date "2020.03.09"]
[Round "4.23"]
[White "Groh, Jiri"]
[Black "Findlay, Ian T."]
[Result "1-0"]
[WhiteElo "1979"]
[BlackElo "2159"]
[Annotator "ChessBase"]
[PlyCount "105"]
[EventDate "2020.03.06"]
[EventType "team-tourn"]
[EventCountry "CZE"]
[SourceTitle "playchess.com"]
[Source "ChessBase"]
[SourceQuality "1"]
[TimeControl "40/5400+30:1800+30"]

1. Nf3 {[%emt 0:00:00]} Nf6 {[%emt 0:00:00]} 2. c4 {[%emt 0:00:00]} e6 {[%emt 0:00:06]} 3. e3 {[%emt 0:00:02]} d5 {[%emt 0:00:17]} 4. Be2 {[%emt 0:00:20]} c5 {[%emt 0:00:24]} 5. d4 {[%emt 0:00:18]} dxc4 {[%emt 0:00:15]} 6. O-O {[%emt 0:00:37]} Nc6 {[%emt 0:00:07]} 7. Nc3 {[%emt 0:00:54]} a6 {[%emt 0:00:14]} 8. Bxc4 {[%emt 0:00:18]} b5 {[%emt 0:00:06]} 9. Bb3 {[%emt 0:01:10]} Bb7 {[%emt 0:00:17]} 10. a4 {[%emt 0:02:38]} c4 {[%emt 0:08:01]} 11. axb5 {[%emt 0:02:35]} axb5 {[%emt 0:00:15]} 12. Rxa8 {[%emt 0:00:06]} Bxa8 {[%emt 0:00:14]} 13. Bc2 {[%emt 0:02:06]} Qb6 {[%emt 0:06:10]} 14. b3 {[%emt 0:03:38]} cxb3 {[%emt 0:05:32]} 15. Bxb3 {[%emt 0:00:17]} Bb4 {[%emt 0:00:44]} 16. Qd3 {[%emt 0:05:28]} Bxc3 {[%emt 0:01:31]} 17. Qxc3 {[%emt 0:00:02]} O-O {[%emt 0:00:15]} 18. Bb2 {[%emt 0:04:54]} Ne4 {[%emt 0:00:41]} 19. Qd3 {[%emt 0:07:03]} Nb4 {[%emt 0:00:46]} 20. Qb1 {[%emt 0:00:51]} Qb7 {[%emt 0:05:17]} 21. d5 {[%emt 0:03:51]} Nc5 {[%emt 0:12:22]} 22. Ba3 {[%emt 0:07:09]} Nbd3 {[%emt 0:01:40]} 23. dxe6 {[%emt 0:26:52]} fxe6 {[%emt 0:00:31]} 24. Bxe6+ {[%emt 0:03:17]} Nxe6 {[%emt 0:04:54]} 25. Bxf8 {[%emt 0:09:08]} Ne5 {[%emt 0:00:42]} 26. Qb3 {[%emt 0:03:09]} Nxf3+ {[%emt 0:00:16]} 27. gxf3 {[%emt 0:00:35]} Qf7 {[%emt 0:02:59]} 28. Bd6 {[%emt 0:00:47]} Ng5 {[%emt 0:17:11]} 29. Qxf7+ {[%emt 0:00:17]} Kxf7 {[%emt 0:00:02]} 30. Rc1 {[%emt 0:02:20]} Nxf3+ {[%emt 0:00:08]} 31. Kf1 {[%emt 0:00:34]} Ke6 {[%emt 0:00:12]} 32. Bb8 {[%emt 0:01:17]} g5 {[%emt 0:02:51]} 33. Rc5 {[%emt 0:01:24]} Bd5 {[%emt 0:00:13]} 34. Ke2 {[%emt 0:01:18]} b4 {[%emt 0:01:34]} 35. Kd3 {[%emt 0:05:46]} Ne1+ {[%emt 0:00:41]} 36. Kd2 {[%emt 0:00:09]} Nf3+ {[%emt 0:00:08]} 37. Kc2 {[%emt 0:00:25]} Ne1+ {[%emt 0:00:06]} 38. Kd2 {[%emt 0:01:24]} Nf3+ {[%emt 0:00:11]} 39. Kc1 {[%emt 0:00:27]} Ne1 {[%emt 0:00:41]} 40. Rb5 {[%emt 0:00:00]} Nd3+ {[%emt 0:00:00]} 41. Kd2 {[%emt 0:01:38]} Bc4 {[%emt 0:08:27]} 42. Rxg5 {[%emt 0:03:04]} b3 {[%emt 0:00:20]} 43. Kc3 {[%emt 0:02:23]} b2 {[%emt 0:00:24]} 44. Rg1 {[%emt 0:00:06]} Ba2 {[%emt 0:00:15]} 45. Kxd3 {[%emt 0:00:13]} b1=Q+ {[%emt 0:00:12]} 46. Rxb1 {[%emt 0:00:05]} Bxb1+ {[%emt 0:00:10]} 47. Kd4 {[%emt 0:00:07]} Bc2 {[%emt 0:01:45]} 48. e4 {[%emt 0:00:23]} Bd1 {[%emt 0:07:51]} 49. Ke3 {[%emt 0:00:33]} Bc2 {[%emt 0:01:58]} 50. f4 {[%emt 0:00:19]} Bb1 {[%emt 0:00:08]} 51. Ba7 {[%emt 0:00:19]} Bc2 {[%emt 0:00:08]} 52. f5+ {[%emt 0:00:07]} Kf7 {[%emt 0:00:10]} 53. Kf4 {[%emt 0:00:07]} 1-0

[Event "WSTCC-50 2020"]
[Site "Prague"]
[Date "2020.03.09"]
[Round "4.24"]
[White "Barron, Michael"]
[Black "Vanek, Petr"]
[Result "1-0"]
[WhiteElo "2075"]
[BlackElo "2076"]
[Annotator "ChessBase"]
[PlyCount "107"]
[EventDate "2020.03.06"]
[EventType "team-tourn"]
[EventCountry "CZE"]
[SourceTitle "playchess.com"]
[Source "ChessBase"]
[SourceQuality "1"]
[TimeControl "40/5400+30:1800+30"]

1. e4 {[%emt 0:00:00]} e6 {[%emt 0:00:00]} 2. d4 {[%emt 0:00:00]} d5 {[%emt 0:00:00]} 3. Nd2 {[%emt 0:00:00]} Nf6 4. e5 {[%emt 0:00:00]} Nfd7 {[%emt 0:00:42]} 5. Bd3 {[%emt 0:00:00]} c5 {[%emt 0:00:16]} 6. c3 {[%emt 0:00:00]} Nc6 {[%emt 0:00:11]} 7. Ne2 cxd4 {[%emt 0:00:53]} 8. cxd4 {[%emt 0:00:00]} f6 {[%emt 0:00:10]} 9. exf6 {[%emt 0:00:20]} Nxf6 {[%emt 0:00:11]} 10. O-O {[%emt 0:00:31]} Bd6 {[%emt 0:00:22]} 11. Nf3 {[%emt 0:00:00]} O-O {[%emt 0:00:25]} 12. Bg5 {[%emt 0:00:00]} Qc7 {[%emt 0:02:56]} 13. Bh4 {[%emt 0:00:00]} Bd7 {[%emt 0:17:12]} 14. Bg3 {[%emt 0:00:34]} Rae8 15. Rc1 {[%emt 0:00:22]} Bxg3 {[%emt 0:04:06]} 16. hxg3 {[%emt 0:04:33]} Qd6 {[%emt 0:05:35]} 17. Qb3 {[%emt 0:04:31]} Qb4 18. Rc3 {[%emt 0:00:02]} Qxb3 {[%emt 0:10:24]} 19. Rxb3 b6 {[%emt 0:01:55]} 20. Rc1 {[%emt 0:01:02]} e5 {[%emt 0:06:28]} 21. dxe5 {[%emt 0:06:19]} Nxe5 {[%emt 0:00:45]} 22. Nxe5 {[%emt 0:01:15]} Rxe5 {[%emt 0:00:05]} 23. f3 {[%emt 0:00:18]} Rfe8 {[%emt 0:04:28]} 24. Kf2 {[%emt 0:02:31]} Bf5 {[%emt 0:06:50]} 25. Nd4 {[%emt 0:00:42]} Bxd3 {[%emt 0:00:13]} 26. Rxd3 {[%emt 0:00:07]} Kf7 {[%emt 0:02:14]} 27. Rd2 {[%emt 0:00:39]} R5e7 {[%emt 0:01:37]} 28. g4 {[%emt 0:00:22]} h6 {[%emt 0:01:05]} 29. Rdc2 {[%emt 0:01:12]} Rd7 {[%emt 0:01:48]} 30. Rc7 {[%emt 0:00:51]} Rxc7 {[%emt 0:05:07]} 31. Rxc7+ {[%emt 0:00:14]} Re7 {[%emt 0:00:13]} 32. Rxe7+ {[%emt 0:04:23]} Kxe7 {[%emt 0:02:20]} 33. Nc6+ {[%emt 0:00:02]} Kd6 {[%emt 0:00:29]} 34. Nxa7 {[%emt 0:00:02]} Kc5 {[%emt 0:00:20]} 35. Nc8 {[%emt 0:00:03]} d4 {[%emt 0:00:31]} 36. Ne7 {[%emt 0:00:15]} Kc4 {[%emt 0:01:00]} 37. Ke2 {[%emt 0:00:06]} g5 {[%emt 0:01:22]} 38. Kd2 {[%emt 0:00:58]} b5 {[%emt 0:01:55]} 39. Kc2 {[%emt 0:03:46]} h5 {[%emt 0:01:45]} 40. Ng6 {[%emt 0:00:00]} hxg4 {[%emt 0:00:00]} 41. Ne5+ {[%emt 0:04:18]} Kd5 {[%emt 0:07:08]} 42. Nxg4 {[%emt 0:01:50]} Nd7 {[%emt 0:01:33]} 43. b3 {[%emt 0:01:11]} b4 {[%emt 0:00:33]} 44. Kd2 {[%emt 0:00:11]} Nc5 {[%emt 0:00:55]} 45. Nf2 {[%emt 0:00:38]} Ke6 {[%emt 0:07:50]} 46. Ne4 {[%emt 0:00:31]} Nxe4+ {[%emt 0:03:17]} 47. fxe4 {[%emt 0:00:02]} Kd6 {[%emt 0:00:26]} 48. Kd3 {[%emt 0:00:34]} Ke5 {[%emt 0:00:09]} 49. g4 {[%emt 0:00:03]} Kf4 {[%emt 0:00:12]} 50. Kxd4 {[%emt 0:00:03]} Kxg4 {[%emt 0:00:05]} 51. e5 {[%emt 0:00:12]} Kf5 {[%emt 0:00:42]} 52. Kd5 {[%emt 0:00:02]} g4 {[%emt 0:00:19]} 53. e6 {[%emt 0:00:01]} Kf6 {[%emt 0:01:12]} 54. Kd6 {[%emt 0:00:03]} 1-0

[Event "WSTCC-50 2020"]
[Site "Prague"]
[Date "2020.03.09"]
[Round "4.25"]
[White "Matveeva, Svetlana"]
[Black "Jakel, Wolfgang"]
[Result "1-0"]
[WhiteElo "2375"]
[BlackElo "2260"]
[Annotator "TA"]
[PlyCount "63"]
[EventDate "2020.03.06"]
[EventType "team-tourn"]
[EventCountry "CZE"]
[SourceTitle "playchess.com"]
[Source "ChessBase"]
[SourceQuality "1"]

{[%evp 17,63,45,63,43,49,42,36,40,38,47,46,39,29,34,115,48,91,85,127,129,125,84,81,65,101,97,130,117,161,138,141,129,121,87,183,165,381,372,417,300,462,414,1095,1061,1112,1088,29985,29986]} 1. d4 f5 2. g3 Nf6 3. Bg2 g6 4. b3 Bg7 5. Bb2 O-O 6. Nd2 d6 7. Ngf3 Qe8 8. O-O c6 9. c4 Ne4 10. Nxe4 {A87: Dutch Defence: Leningrad System: 5 Nf3.} fxe4 11. Ng5 d5 12. f3 {White is slightly better.} h6 13. Nh3 exf3 14. exf3 dxc4 15. bxc4 {[#]} Be6 $146 (15... c5 $14) ({Predecessor:} 15... c5 16. Qd2 cxd4 17. Bxd4 Qd7 18. Rad1 Bxd4+ 19. Qxd4 Qxd4+ 20. Rxd4 Nc6 21. Rd2 Be6 {0-1 (42) Benkovic,P (2431)-Meijers,V (2479) Biel 2005}) 16. Rc1 (16. Qe2 $16 Qd7 17. Nf2) 16... Qf7 17. Qe2 $36 {[%mdl 2048] White has strong initiative.} Bf6 18. Nf4 Bf5 19. d5 Na6 20. Rfe1 g5 21. Ne6 Bxe6 22. Bxf6 ({Much worse is} 22. dxe6 $6 Qg6 $11) 22... exf6 23. dxe6 Qe7 24. f4 f5 25. Qh5 Kg7 (25... gxf4 $16 26. Qxh6 Rae8) 26. fxg5 $18 hxg5 $2 {[#]} (26... Qxg5 {was necessary.} 27. Qe2 Qf6) 27. Re5 $1 Qf6 28. Rce1 {aiming for e7.} Nc7 (28... Rae8 {was called for.} 29. Bf1 Nc7) 29. e7 Rh8 (29... Rf7 $142 30. Qd1 Rh8) 30. Qf3 Kg6 31. Qd3 Rae8 {[#]} 32. Rxf5 $1 {[%mdl 512] Accuracy: White = 80%, Black = 26%.} 1-0

[Event "WSTCC-50 2020"]
[Site "Prague"]
[Date "2020.03.09"]
[Round "4.26"]
[White "Sandten, Ulrich"]
[Black "Grabuzova, Tatiana"]
[Result "1/2-1/2"]
[WhiteElo "2100"]
[BlackElo "2272"]
[Annotator "ChessBase"]
[PlyCount "92"]
[EventDate "2020.03.06"]
[EventType "team-tourn"]
[EventCountry "CZE"]
[SourceTitle "playchess.com"]
[Source "ChessBase"]
[SourceQuality "1"]
[TimeControl "40/5400+30:1800+30"]

1. d4 {[%emt 0:00:00]} e6 {[%emt 0:00:00]} 2. Nf3 {[%emt 0:00:01]} f5 {[%emt 0:00:48]} 3. e3 {[%emt 0:00:20]} Nf6 {[%emt 0:00:39]} 4. Be2 {[%emt 0:00:14]} b6 {[%emt 0:02:22]} 5. O-O {[%emt 0:00:51]} Bb7 {[%emt 0:00:04]} 6. c4 {[%emt 0:00:27]} Be7 {[%emt 0:00:12]} 7. Nc3 {[%emt 0:00:21]} O-O {[%emt 0:00:32]} 8. Rb1 {[%emt 0:04:12]} Ne4 {[%emt 0:03:18]} 9. Qc2 {[%emt 0:00:45]} Nxc3 {[%emt 0:17:05]} 10. Qxc3 {[%emt 0:00:13]} Be4 {[%emt 0:00:03]} 11. Ra1 {[%emt 0:00:15]} Bf6 {[%emt 0:00:37]} 12. b4 {[%emt 0:03:32]} c5 {[%emt 0:01:49]} 13. Bb2 {[%emt 0:07:33]} Nc6 {[%emt 0:04:50]} 14. bxc5 {[%emt 0:02:04]} bxc5 {[%emt 0:00:09]} 15. Qd2 {[%emt 0:02:36]} Rb8 {[%emt 0:06:59]} 16. Bc3 {[%emt 0:05:19]} d6 {[%emt 0:13:42]} 17. Rfd1 {[%emt 0:05:36]} Qe7 {[%emt 0:10:31]} 18. Ne1 {[%emt 0:03:15]} cxd4 {[%emt 0:03:18]} 19. exd4 {[%emt 0:00:12]} Bg5 {[%emt 0:03:10]} 20. f4 {[%emt 0:01:01]} Bh6 {[%emt 0:05:35]} 21. Nf3 {[%emt 0:10:47]} e5 {[%emt 0:10:53]} 22. dxe5 {[%emt 0:01:13]} dxe5 {[%emt 0:00:12]} 23. Nxe5 {[%emt 0:07:17]} Qc5+ {[%emt 0:00:44]} 24. Kf1 {[%emt 0:04:47]} Nxe5 {[%emt 0:06:32]} 25. Bxe5 {[%emt 0:00:12]} Qxe5 {[%emt 0:00:08]} 26. fxe5 {[%emt 0:00:21]} Bxd2 {[%emt 0:00:03]} 27. Rxd2 {[%emt 0:00:15]} Rbe8 {[%emt 0:00:09]} 28. Kf2 {[%emt 0:08:57]} Rxe5 {[%emt 0:00:16]} 29. Rc1 {[%emt 0:02:36]} Ra5 {[%emt 0:02:06]} 30. Rc3 {[%emt 0:04:00]} Rb8 {[%emt 0:02:24]} 31. Rb3 {[%emt 0:00:56]} Rb6 {[%emt 0:00:29]} 32. Rxb6 {[%emt 0:01:37]} axb6 {[%emt 0:00:05]} 33. Rb2 {[%emt 0:00:35]} Ra3 {[%emt 0:01:59]} 34. g3 {[%emt 0:01:44]} Kf8 {[%emt 0:00:30]} 35. Rxb6 {[%emt 0:02:19]} Rxa2 {[%emt 0:00:10]} 36. Ke3 {[%emt 0:00:16]} g5 {[%emt 0:02:17]} 37. Rd6 {[%emt 0:06:49]} Kg7 {[%emt 0:02:22]} 38. Rb6 {[%emt 0:04:04]} Kf8 {[%emt 0:00:46]} 39. h4 {[%emt 0:02:30]} Ra3+ {[%emt 0:00:17]} 40. Kd4 {[%emt 0:00:00]} Rxg3 {[%emt 0:00:00]} 41. hxg5 {[%emt 0:01:01]} Rxg5 {[%emt 0:00:39]} 42. Ke5 {[%emt 0:01:05]} Rg6 {[%emt 0:05:50]} 43. Rxg6 {[%emt 0:03:19]} hxg6 {[%emt 0:00:05]} 44. Kf6 {[%emt 0:00:04]} f4 {[%emt 0:00:22]} 45. Kg5 {[%emt 0:00:05]} f3 {[%emt 0:00:16]} 46. Bxf3 {[%emt 0:00:06]} Bxf3 {[%emt 0:00:07]} 1/2-1/2

[Event "WSTCC-50 2020"]
[Site "Prague"]
[Date "2020.03.09"]
[Round "4.27"]
[White "Yakimenko, Alexander A."]
[Black "Zimmermann, Rolf"]
[Result "1-0"]
[WhiteElo "2149"]
[BlackElo "2090"]
[Annotator "ChessBase"]
[PlyCount "41"]
[EventDate "2020.03.06"]
[EventType "team-tourn"]
[EventCountry "CZE"]
[SourceTitle "playchess.com"]
[Source "ChessBase"]
[SourceQuality "1"]
[TimeControl "40/5400+30:1800+30"]

1. e4 {[%emt 0:00:00]} d5 {[%emt 0:00:00]} 2. exd5 {[%emt 0:00:00]} Nf6 {[%emt 0:00:27]} 3. Bb5+ {[%emt 0:02:24]} Bd7 {[%emt 0:03:04]} 4. Bc4 {[%emt 0:00:28]} Bg4 {[%emt 0:06:44]} 5. f3 {[%emt 0:01:37]} Bh5 {[%emt 0:01:23]} 6. Nc3 {[%emt 0:00:25]} c6 {[%emt 0:02:09]} 7. dxc6 {[%emt 0:12:03]} Nxc6 {[%emt 0:00:22]} 8. Nge2 {[%emt 0:01:18]} e5 {[%emt 0:00:29]} 9. O-O {[%emt 0:03:50]} Bc5+ {[%emt 0:01:01]} 10. Kh1 {[%emt 0:00:10]} a6 {[%emt 0:01:38]} 11. d3 {[%emt 0:02:26]} Na5 {[%emt 0:07:18]} 12. Bg5 {[%emt 0:06:57]} Nxc4 {[%emt 0:01:56]} 13. dxc4 {[%emt 0:00:23]} Qxd1 {[%emt 0:05:02]} 14. Raxd1 {[%emt 0:00:49]} Be7 {[%emt 0:12:38]} 15. Ng3 {[%emt 0:06:56]} Bg6 {[%emt 0:00:34]} 16. Rfe1 {[%emt 0:02:00]} h6 {[%emt 0:11:36]} 17. Bxf6 {[%emt 0:02:32]} Bxf6 {[%emt 0:00:14]} 18. Nd5 {[%emt 0:01:40]} O-O-O {[%emt 0:04:12]} 19. Ne4 {[%emt 0:02:39]} Rhe8 {[%emt 0:08:42]} 20. Ndxf6 {[%emt 0:03:55]} gxf6 {[%emt 0:01:31]} 21. Nd6+ {[%emt 0:00:13]} 1-0

[Event "WSTCC-50 2020"]
[Site "Prague"]
[Date "2020.03.09"]
[Round "4.28"]
[White "Hoehn, Michael"]
[Black "Chudinovskikh, Alexander M"]
[Result "0-1"]
[WhiteElo "2036"]
[BlackElo "2139"]
[Annotator "NA"]
[PlyCount "46"]
[EventDate "2020.03.06"]
[EventType "team-tourn"]
[EventCountry "CZE"]
[SourceTitle "playchess.com"]
[Source "ChessBase"]
[SourceQuality "1"]
[TimeControl "40/5400+30:1800+30"]

1. e4 {[%emt 0:00:00]} g6 {[%emt 0:00:00]} 2. Bc4 {[%emt 0:00:45]} Bg7 {[%emt 0:00:19]} 3. Nf3 {[%emt 0:00:16]} c6 {[%emt 0:00:34]} 4. O-O {[%emt 0:00:45]} d5 {[%emt 0:00:17]} 5. exd5 {[%emt 0:00:05]} cxd5 {[%emt 0:00:04]} 6. Bb3 {[%emt 0:01:00] B06: Modern Defence.} Nc6 {[%emt 0:01:21]} 7. h3 {[%emt 0:06:21]} Nf6 {[%emt 0:01:28]} 8. d4 {[%emt 0:02:43]} O-O {[%emt 0:00:24]} 9. Bf4 {[%emt 0:01:14] [#]} Bf5 $146 {[%emt 0:00:35]} ({Predecessor:} 9... Na5 10. Qe2 Nxb3 11. axb3 Re8 12. c4 b6 13. Nc3 a6 14. Rfc1 Bb7 15. c5 bxc5 16. dxc5 {0-1 (42) Papp,C (2160)-Barczay,L (2380) Szekszard 1996}) 10. Ne5 {[%emt 0:04:36]} Rc8 {[%emt 0:03:29]} 11. c3 {[%emt 0:08:33]} Na5 {[%emt 0:00:17]} 12. Bc2 {[%emt 0:01:49]} Bxc2 {[%emt 0:00:17]} 13. Qxc2 {[%emt 0:00:02]} b5 {[%emt 0:00:17]} 14. Qe2 {[%emt 0:02:02]} Nc4 {[%emt 0:01:16]} 15. b3 {[%emt 0:08:48]} Nd6 {[%emt 0:00:15]} 16. a4 {[%emt 0:02:26]} b4 {[%emt 0:00:28]} 17. cxb4 {[%emt 0:01:50]} Qb6 {[%emt 0:00:06]} 18. Nf3 {[%emt 0:06:38]} Nf5 {[%emt 0:05:01]} 19. b5 {[%emt 0:05:30]} Ne4 $15 {[%emt 0:05:57]} 20. Be5 {[%emt 0:15:41]} Bxe5 {[%emt 0:02:16]} 21. a5 {[%emt 0:02:08]} Nxd4 {[%emt 0:00:55]} 22. Nxd4 {[%emt 0:05:49]} Qxd4 {[%emt 0:03:27]} 23. Ra4 {[%emt 0:00:32]} Qc5 {[%emt 0:07:00]} 0-1

[Event "WSTCC-50 2020"]
[Site "Prague"]
[Date "2020.03.09"]
[Round "4.29"]
[White "Sorm, Daniel"]
[Black "Vltavsky, Vladimir"]
[Result "1/2-1/2"]
[WhiteElo "2328"]
[BlackElo "2212"]
[Annotator "TA"]
[PlyCount "109"]
[EventDate "2020.03.06"]
[EventType "team-tourn"]
[EventCountry "CZE"]
[SourceTitle "playchess.com"]
[Source "ChessBase"]
[SourceQuality "1"]

{[%evp 17,109,0,0,0,46,0,0,0,12,-24,-25,-37,-40,-45,-44,-44,-17,-47,-15,-66,-45,-84,-79,-98,-99,-116,-54,-122,-87,-111,-104,-135,-139,-168,-124,-134,-135,-133,-106,-115,-108,-124,0,-96,-48,-62,-22,-23,-14,-15,-15,-49,0,0,0,0,0,0,0,0,0,0,0,0,0,0,0,0,0,0,0,0,0,0,0,0,0,0,0,0,0,0,0,0,0,0,0,0,0,0,0,0,0,0]} 1. d4 Nf6 2. Nf3 e6 3. e3 b6 4. Bd3 Bb7 5. O-O Be7 6. c4 O-O 7. Nc3 d5 8. cxd5 exd5 9. Ne5 c5 $1 {9...c5 scores better than 9...Nbd7.} 10. Qf3 {E14: Queen's Indian: Classical Variation (4 e3).} Nbd7 11. Rd1 (11. Qh3 $5 {[%cal Re5d7]} Nxe5 12. dxe5 $11) 11... Bd6 12. Nxd7 Qxd7 {[#]} 13. Bf5 $146 ({Predecessor:} 13. dxc5 bxc5 14. b3 Qe7 15. Qh3 Qe6 16. Bf5 Qe7 17. Bb2 h6 18. Rac1 Bc6 19. Ne2 {1-0 (54) Giorgadze,G-Vidarsson,J (2300) Gausdal 1992}) 13... Qe7 14. Nb5 Bb8 15. Bd2 a6 16. Nc3 Bc7 17. Rac1 Rab8 18. Na4 ({White should play} 18. Qh3 $11) 18... Bc6 19. Bc2 Ne4 20. Be1 c4 $36 {[%mdl 2048] Black is really pushing.} 21. Qe2 b5 (21... f5 $17 22. f3 Ng5) 22. Nc3 (22. Bxe4 $15 dxe4 23. Nc5) 22... Nxc3 23. bxc3 f5 24. f3 Rbe8 25. Bf2 Qf7 26. Re1 Qh5 27. h3 Rf6 28. Qd2 Rg6 29. Kf1 Rf6 (29... Qg5 $17 30. Bg1 Bg3) 30. a4 (30. Kg1 $1 $11 {remains equal.}) 30... Rff8 31. axb5 axb5 32. Ra1 Ra8 33. Reb1 Qf7 34. Qe1 Rfe8 35. Rxa8 {The position is equal.} Rxa8 36. Ra1 Rxa1 37. Qxa1 g6 38. Qa6 Qd7 39. Bh4 Kf7 40. Bg5 Bd6 (40... h5 {is interesting.} 41. Qa1 Bd6 42. Kf2 Qc7 43. g4 Be7) 41. Bf4 Bxf4 42. exf4 Qb7 43. Qa5 Qb8 44. g3 h5 45. h4 Ke7 46. Ke2 Kd7 47. Kd2 Qc7 48. Qa3 Qd6 49. Qa7+ Qc7 50. Qa6 Qd6 51. Qa7+ Qc7 52. Qa1 Qd6 53. Qa7+ Qc7 54. Qc5 Qd6 {[#] ...Qxc5 is the strong threat.} 55. Qa7+ {White happily takes the draw. Accuracy: White = 71%, Black = 72%.} 1/2-1/2

[Event "WSTCC-50 2020"]
[Site "Prague"]
[Date "2020.03.09"]
[Round "4.30"]
[White "Cerny, Martin"]
[Black "Pastircak, Milan"]
[Result "1/2-1/2"]
[WhiteElo "2123"]
[BlackElo "2277"]
[Annotator "ChessBase"]
[PlyCount "47"]
[EventDate "2020.03.06"]
[EventType "team-tourn"]
[EventCountry "CZE"]
[SourceTitle "playchess.com"]
[Source "ChessBase"]
[SourceQuality "1"]
[TimeControl "40/5400+30:1800+30"]

1. d4 Nf6 2. c4 g6 3. Nc3 d5 4. Nf3 Bg7 5. Bg5 Ne4 6. Bf4 Nxc3 7. bxc3 O-O 8. e3 c5 9. cxd5 cxd4 10. cxd4 Qxd5 11. Be2 Nc6 12. O-O Bf5 13. Qa4 Qa5 14. Qxa5 Nxa5 15. Bc7 Nc6 16. Rfc1 Rac8 17. Bf4 Rfd8 18. h3 h6 19. g4 Be6 20. Kf1 Kf8 21. a3 Bd5 22. Rab1 Be4 23. Ra1 Bd5 24. Rab1 1/2-1/2